00390nam a2200121Ia 4500008004100000245012900041260001700170260000900187300000800196650002300204650001200227856002900239170516s9999 xx 000 0 und d aImproving the Efficacy of Photoimmunotherapy (PIT) using a Cocktail of Antibody Conjugates in a Multiple Antigen Tumor Model bTheranostics c2013 a3:6 xMedical Technology xMedtech uhttp://www.thno.org/v3i6